000 00512nam a22001937a 4500
003 OSt
005 20220811130040.0
008 220811b |||||||| |||| 00| 0 eng d
020 _a0 86010 564 4
040 _cIFM Library
082 _a332 .1
100 _aFitzgerald, Desmond
_93500
245 _aThe Practice of Banking Part 2
260 _aLondon:
_bGraham and Trotman.
_c1986
300 _aix, 248p.:
_bill.: 25cm
500 _aIncludes Index
650 _aBanking Practice
_97906
942 _cBK
_2ddc
_n0
999 _c16027
_d16027